000
00292nam a2200121Ia 4500
008
191201s2015 xx 000 0 und d
100
_a
BERSON,Alex
245
0
_a
Datawarehousing, Datamining,&OLAP
260
_a
N. delhi
_b
TMH
_c
2015
300
_a
612
650
_a
M.Tech(CSE)
942
_2
ddc
_c
BK
999
_c
6474
_d
6474